000 01000nam a22002897a 4500
001 4327
003 FISKH
005 20240719083048.0
008 240719b cb ||||| |||| 00| 0 eng d
020 _a076645060136
040 _aFISKH
_beng
_cFISKH
_dFISKH
050 _aPE1119.S596
082 _a823
100 _aSimon, Shirley
245 _aGet lost, Becka! :
_bA start to read! Book /
_cWritten by Shirley Simon ; Illustrated by Dora Leder
260 _aMichigan :
_bSchool Zone,
_c1819.
300 _a16 pages :
_bcolor illustrations ;
_c23 cm
490 _aTeacher your child to read
505 _aC
520 _aAn extremely relatable story for most children, older sister Jenny tells Becka to get lost. Feeling left out, Becka imagines how it will be when she is bigger and has more influence.
521 8 _a150
_bLexile
521 8 _aC
_bRaz-Plus
650 _aFamily
_vFiction
700 _aLeder, Dora
_eIllustrator
942 _2ddc
_cBK
_n0
999 _c4327
_d4327